000 00613nam a2200229Ia 4500
003 OSt
005 20220925210456.0
006 a|||||r|||| 00| 0
007 ta
008 220923b |||||||| |||| 00| 0 eng d
037 _cGeneral Book
040 _aRTL
_cRTL
_beng
041 _2eng
_aeng
082 _aX71.2.N6, K3
110 _aINDIA (Government of-)
_95636
245 0 _aBudget 1963-64.Govt. of India
260 _aIndia
_bGovt. press
_c1963
300 _a233p
_ccm.
700 _aINDIA (Government of-)
_95637
942 _hX71.2.N6, K3
_cGB
_2CC
999 _c555200
_d555200